Молекулы: пер. с англ.

Podrobná bibliografie
Hlavní autor: Эткинс П. У. Питер Уильям
Shrnutí:Книга известного английского ученого и популяризатора науки П. Эткинса "Молекулы" резко отличается от большей части научно-популярной литературы как по построению, так и по манере изложения материала. Здесь читатель не найдет практически никаких сведений о методах промышленного или лабораторного синтеза тех или иных веществ, об особенностях химической технологии, которым обычно уделяется наибольшее внимание. В книге описываются свойства более 160 различных соединений (преимущественно органических), выбранных автором таким образом, чтобы они могли дать представление об интересных явлениях и эффектах, связанных с особенностями химического строения. Здесь приведено множество любопытнейших примеров. Прочитав эту книгу, читатель узнает, почему так вкусен шоколад, какова природа солнечного загара, чем обусловлен аромат розы и других цветов, почему не все люди без неприятных последствий могут пить молоко, каким образом хамелеон меняет окраску и много других чрезвычайно интересных сведений. В сущности, книга Эткинса на очень доступном уровне рассказывает о связи между химическим строением и свойствами веществ. Вероятно, далеко не все профессиональные химики (не говоря уже о тех, кто знает химию только по школьным учебникам) знакомы с приведенными здесь фактами и гипотезами. Книга великолепно иллюстрирована, и читателю, наверное, доставит большое удовольствие одно лишь ознакомление с иллюстрациями.
Jazyk:ruština
Vydáno: Москва, Мир, 1991
Témata:
Médium: Kniha
KOHA link:https://koha.lib.tpu.ru/cgi-bin/koha/opac-detail.pl?biblionumber=45846

MARC

LEADER 00000nam0a2200000 4500
001 45846
005 20231101210959.0
010 |a 5030012087 
035 |a (RuTPU)RU\TPU\book\47751 
090 |a 45846 
100 |a 20021217d1991 k y0rusy50 ca 
101 1 |a rus  |c eng 
102 |a RU 
105 |a a z 001zy 
200 1 |a Молекулы  |e пер. с англ.  |f П. У. Эткинс 
210 |a Москва  |c Мир  |d 1991 
215 |a 216 с.  |c ил. 
320 |a Библиогр.: с. 206. 
320 |a Предм. указ.: с. 207-211. 
330 |a Книга известного английского ученого и популяризатора науки П. Эткинса "Молекулы" резко отличается от большей части научно-популярной литературы как по построению, так и по манере изложения материала. Здесь читатель не найдет практически никаких сведений о методах промышленного или лабораторного синтеза тех или иных веществ, об особенностях химической технологии, которым обычно уделяется наибольшее внимание. В книге описываются свойства более 160 различных соединений (преимущественно органических), выбранных автором таким образом, чтобы они могли дать представление об интересных явлениях и эффектах, связанных с особенностями химического строения. Здесь приведено множество любопытнейших примеров. Прочитав эту книгу, читатель узнает, почему так вкусен шоколад, какова природа солнечного загара, чем обусловлен аромат розы и других цветов, почему не все люди без неприятных последствий могут пить молоко, каким образом хамелеон меняет окраску и много других чрезвычайно интересных сведений. В сущности, книга Эткинса на очень доступном уровне рассказывает о связи между химическим строением и свойствами веществ. Вероятно, далеко не все профессиональные химики (не говоря уже о тех, кто знает химию только по школьным учебникам) знакомы с приведенными здесь фактами и гипотезами. Книга великолепно иллюстрирована, и читателю, наверное, доставит большое удовольствие одно лишь ознакомление с иллюстрациями. 
606 1 |a Молекулы  |x Строение  |x (химия)  |2 stltpush  |3 (RuTPU)RU\TPU\subj\44274  |9 63634 
610 1 |a физическая химия 
610 1 |a воздух 
610 1 |a вода 
610 1 |a аммиак 
610 1 |a смог 
610 1 |a окружающая среда 
610 1 |a загрязнение 
610 1 |a кислотные дожди 
610 1 |a топливо 
610 1 |a жиры 
610 1 |a масла 
610 1 |a бензины 
610 1 |a уголь 
610 1 |a спирты 
610 1 |a уксус 
610 1 |a маргарины 
610 1 |a сливочное масло 
610 1 |a мыло 
610 1 |a моющие средства 
610 1 |a полимеры 
610 1 |a пластмассы 
610 1 |a каучук 
610 1 |a полиэфиры 
610 1 |a нейлон 
610 1 |a волосы 
610 1 |a шерсть 
610 1 |a шелк 
610 1 |a сахар 
610 1 |a крахмал 
610 1 |a целлюлоза 
610 1 |a вкус 
610 1 |a эфирные масла 
610 1 |a зрение 
610 1 |a цвет 
610 1 |a обезболивающие средства 
610 1 |a транквилизаторы 
610 1 |a возбуждающие средства 
610 1 |a тестостерон 
610 1 |a нитроглицерин 
610 1 |a опасные вещества 
675 |a 544.12/.13  |v 3 
700 1 |a Эткинс  |b П. У.  |g Питер Уильям 
801 1 |a RU  |b 63413507  |c 20021217  |g PSBO 
801 2 |a RU  |b 63413507  |c 20201204  |g PSBO 
942 |c BK